<?xml version="1.0" encoding="UTF-8"?>
<record
    xmlns:xsi="http://www.w3.org/2001/XMLSchema-instance"
    xsi:schemaLocation="http://www.loc.gov/MARC21/slim http://www.loc.gov/standards/marcxml/schema/MARC21slim.xsd"
    xmlns="http://www.loc.gov/MARC21/slim">

  <leader>03536nab a2200373 i 4500</leader>
  <controlfield tag="003">BR-BrBNA</controlfield>
  <controlfield tag="005">20240313151224.0</controlfield>
  <controlfield tag="008">240313b2012    bl.qr|pooa||| 00| 0 por |</controlfield>
  <datafield tag="040" ind1=" " ind2=" ">
    <subfield code="a">BR-BrBNA</subfield>
    <subfield code="b">por</subfield>
  </datafield>
  <datafield tag="072" ind1=" " ind2=" ">
    <subfield code="a">S01</subfield>
  </datafield>
  <datafield tag="100" ind1=" " ind2=" ">
    <subfield code="a">Feij&#xF3;, A.M.</subfield>
  </datafield>
  <datafield tag="100" ind1=" " ind2=" ">
    <subfield code="a">Bueno, M.E.N.</subfield>
  </datafield>
  <datafield tag="100" ind1=" " ind2=" ">
    <subfield code="a">Ceolin, T.</subfield>
  </datafield>
  <datafield tag="100" ind1=" " ind2=" ">
    <subfield code="a">Linck, C.L.</subfield>
  </datafield>
  <datafield tag="100" ind1=" " ind2=" ">
    <subfield code="a">Schwartz, E.</subfield>
  </datafield>
  <datafield tag="100" ind1=" " ind2=" ">
    <subfield code="a">Lange, C.</subfield>
  </datafield>
  <datafield tag="100" ind1=" " ind2=" ">
    <subfield code="a">Meincke, S.M.K.</subfield>
  </datafield>
  <datafield tag="100" ind1=" " ind2=" ">
    <subfield code="a">Heck, R.M.</subfield>
  </datafield>
  <datafield tag="100" ind1=" " ind2=" ">
    <subfield code="a">Barbieri, R.L.</subfield>
  </datafield>
  <datafield tag="100" ind1=" " ind2=" ">
    <subfield code="a">Heiden, G.</subfield>
  </datafield>
  <datafield tag="245" ind1=" " ind2=" ">
    <subfield code="a">Plantas medicinais utilizadas por idosos com diagn&#xF3;stico de Diabetes mellitus no tratamento dos sintomas da doen&#xE7;a</subfield>
  </datafield>
  <datafield tag="500" ind1=" " ind2=" ">
    <subfield code="a">Publica&#xE7;&#xE3;o on-line; 38 ref.; 1 table; Summaries (En, Pt)</subfield>
  </datafield>
  <datafield tag="520" ind1=" " ind2=" ">
    <subfield code="a">

RESUMO: 

Este trabalho teve como objetivo investigar as plantas medicinais utilizadas por idosos
assistidos em uma Unidade B&#xE1;sica de Sa&#xFA;de de Pelotas-RS, com diagn&#xF3;stico de Diabetes
mellitus, como terapia complementar no tratamento dos sintomas da doen&#xE7;a. Caracterizou-se
por pesquisa qualitativa, realizada em julho de 2009, no munic&#xED;pio de Pelotas-RS. Foram
entrevistados 18 idosos com idade entre 60 e 77 anos, sendo 14 do sexo feminino. Os participantes
citaram 20 plantas medicinais utilizadas como terapia complementar no tratamento do Diabetes
mellitus. Entre estas, as mais citadas utilizadas para diminuir os n&#xED;veis de glicose no sangue
foram Sphagneticola trilobata, Bauhinia spp. e Syzygium cumini, sendo que para as duas &#xFA;ltimas
h&#xE1; comprova&#xE7;&#xE3;o cient&#xED;fica do efeito hipoglicemiante. A infus&#xE3;o foi a forma de preparo predominante.
Considera-se importante a realiza&#xE7;&#xE3;o de estudos farmacol&#xF3;gicos que investiguem os efeitos das
plantas utilizadas pela popula&#xE7;&#xE3;o, a fim de que o uso proporcione os benef&#xED;cios desejados e n&#xE3;o
cause danos &#xE0; sa&#xFA;de.

Palavras-chave: terapias complementares, idoso, enfermagem, doen&#xE7;a cr&#xF4;nica</subfield>
  </datafield>
  <datafield tag="520" ind1=" " ind2=" ">
    <subfield code="a">

ABSTRACT: 

Medicinal plants used by elderly people with Diabetes mellitus in the treatment
of the disease symptoms. This study aimed to investigate medicinal plants used as
complementary therapy by the elderly with diabetes mellitus, assisted by a Health Basic Unit in
Pelotas (RS, Brazil). This qualitative research was conducted in July 2009. Eighteen 60 to 77
years old elderly (14 of them female) were interviewed. The participants identified 20 medicinal
plants used as complementary therapies in the treatment of diabetes mellitus. Among these, the
most used ones to reduce the levels of glucose in the blood were Sphagneticola trilobata, Bauhinia
spp. and Syzygium cumini. For the last two plants, there are scientific proofs of hypoglycemic
effects. The infusion was the predominant form of preparation. Studies to investigate the
pharmacological effects of plants used by the population have become very important, for providing
scientific information on their possible health benefits and side effects.

Key words: complementary therapies, elderly, diabetes, medicinal plants</subfield>
  </datafield>
  <datafield tag="650" ind1=" " ind2=" ">
    <subfield code="a">TERAPIA</subfield>
  </datafield>
  <datafield tag="650" ind1=" " ind2=" ">
    <subfield code="a">DIABETE</subfield>
  </datafield>
  <datafield tag="650" ind1=" " ind2=" ">
    <subfield code="a">DOEN&#xC7;A</subfield>
  </datafield>
  <datafield tag="650" ind1=" " ind2=" ">
    <subfield code="a">ENFERMAGEM</subfield>
  </datafield>
  <datafield tag="650" ind1=" " ind2=" ">
    <subfield code="a">PLANTA MEDICINAL</subfield>
  </datafield>
  <datafield tag="773" ind1="0" ind2=" ">
    <subfield code="0">3543</subfield>
    <subfield code="9">313852</subfield>
    <subfield code="d">Botucatu-SP Instituto de Bioci&#xEA;ncias - Departamento de Qu&#xED;mica e Bioqu&#xED;mica 1998</subfield>
    <subfield code="o">2024-0124</subfield>
    <subfield code="t">Revista Brasileira de Plantas Medicinais (Brazil)</subfield>
    <subfield code="x">1516-0572</subfield>
    <subfield code="g">v, 14(1) p. 50-56; (2012)</subfield>
    <subfield code="w">BR2024000151</subfield>
  </datafield>
  <datafield tag="856" ind1=" " ind2=" ">
    <subfield code="u">https://www.scielo.br/j/rbpm/a/SqK7ZMsZbKdg5x5sT4mnpBp/?format=pdf&amp;lang=pt</subfield>
  </datafield>
  <datafield tag="942" ind1=" " ind2=" ">
    <subfield code="c">Anal&#xED;tica</subfield>
  </datafield>
  <datafield tag="999" ind1=" " ind2=" ">
    <subfield code="c">298777</subfield>
    <subfield code="d">298777</subfield>
  </datafield>
</record>
